000 00369nam a2200145 i 4500
001 bg
100 1 _aCHŁOPECKI, Jerzy
245 0 _aDane, możliwe, pożądane :
_brozmowy o społeczeństwie /
_cJerzy Chłopecki.
260 _aWarszawa,
_c1979.
040 _cBPK
041 _apol
080 _a008.2:316
942 _cKS
008 s pl f |000 0 pol
999 _c20208
_d20208
856 _uhttp://koha.tu.koszalin.pl/cgi-bin/koha/opac-detail.pl?biblionumber=20208
_yKatalog online BPK